000
00325nam a2200133Ia 4500
005
20251222144915.0
008
251222s9999||||xx |||||||||||||| ||spa||
020
_a
950-05-1589-X
082
_a
868.931/M13V
100
_a
Machado de Assis, Joaquim MarĂa
245
0
_a
Vereda Tropical:
264
_b
Corregidor
942
_c
LIB
999
_c
22506
_d
22506